Perspektívy vývoja slovenskej meny
Charakteristika niektorých otvorených problémov v súvislosti s útokom na stabilitu slovenskej meny. Navrhnuté opatrenia na zabránenie nepriaznivých relácií medzi rastom miezd a produktivitou práce, nárastom domáceho dopytu, deficitom štátneho rozpočtu. Kritérium hrubého domáceho produktu. Tendencie...
Gespeichert in:
| 1. Verfasser: | |
|---|---|
| Weitere Verfasser: | |
| Format: | Buchkapitel |
| Sprache: | Slowakisch |
| Schlagworte: | |
| Tags: |
Keine Tags, Fügen Sie das erste Tag hinzu!
|
MARC
| LEADER | 00000naa a2200000 4500 | ||
|---|---|---|---|
| 001 | r027447 | ||
| 005 | 20230606082213.4 | ||
| 041 | 0 | |a slo | |
| 044 | |a SK | ||
| 245 | 1 | 0 | |a Perspektívy vývoja slovenskej meny |c Rudolf Filkus, Peter Greguš |
| 520 | |a Charakteristika niektorých otvorených problémov v súvislosti s útokom na stabilitu slovenskej meny. Navrhnuté opatrenia na zabránenie nepriaznivých relácií medzi rastom miezd a produktivitou práce, nárastom domáceho dopytu, deficitom štátneho rozpočtu. Kritérium hrubého domáceho produktu. Tendencie zostrovania inflačného procesu. Vplyv devalvácie českej meny na vývoj slovenskej koruny. | ||
| 610 | 2 | 0 | |a mena |
| 610 | 2 | 0 | |a Slovensko |
| 610 | 2 | 0 | |a vývoj menový |
| 610 | 2 | 0 | |a opatrenia |
| 610 | 2 | 0 | |a deficit |
| 610 | 2 | 0 | |a rozpočet štátny |
| 610 | 2 | 0 | |a produkt domáci hrubý |
| 610 | 2 | 0 | |a devalvácia |
| 610 | 2 | 0 | |a inflácia |
| 610 | 2 | 0 | |a opatrenia |
| 610 | 2 | 0 | |a ukazovatele ekonomické |
| 610 | 2 | 0 | |a bilancia platobná |
| 100 | 1 | |a Filkus, Rudolf | |
| 700 | 1 | |a Greguš, Peter | |